American greetings: CreataCard Gold ( 74 min/ 680 MB)

Gardado en:
Detalles Bibliográficos
Formato: Libro
Idioma:Undetermined
Những chủ đề:
Các nhãn: Engadir etiqueta
Sen Etiquetas, Sexa o primeiro en etiquetar este rexistro!
Thư viện lưu trữ: Trung tâm Học liệu Trường Đại học Cần Thơ
LEADER 00440nam a2200145Ia 4500
001 CTU_118048
008 210402s9999 xx 000 0 und d
082 |a 006.68 
082 |b A512 
245 0 |a American greetings: 
245 0 |b CreataCard Gold ( 74 min/ 680 MB) 
650 |a Computer drawing languages,Computer graphics 
650 |x Computer programs 
904 |i Qhieu sửa 
980 |a Trung tâm Học liệu Trường Đại học Cần Thơ